マリオパーティ5 ミニゲーム - Statistics

General Stats
  • This quiz has been taken 7 times
  • The average score is 22 of 74
Answer Stats
形式 ミニゲーム % Correct
1vs3 ゆきやまチェイス
75%
クッパ かんがえてもムダなのだ
75%
vs4 プクプクアイランド
50%
vs4 ペンギンだいこうしん
50%
vs4 まめのきジャンプ
50%
vs4 ハッスルバッティング
50%
vs4 おくって!ミラクルパワー
50%
vs4 クリボーホテル
50%
2vs2 プクプクせんすいてい
50%
2vs2 ショットでキャッチ
50%
デュエル ビリキューライトニング!
50%
デュエル はやうちガンマン!
50%
クッパ がんばってもダメなのだ
50%
クッパ おちついてもムリなのだ
50%
vs4 アイスキャッチ
25%
vs4 ウッキーパニック
25%
vs4 おさんぽワンワン
25%
vs4 フラワーガーデン
25%
vs4 ぶつけろ!ボムへい
25%
vs4 よこどりクリスタル
25%
vs4 ギリギリワンワン
25%
vs4 パックンダンス
25%
vs4 ビリビリめいろ
25%
vs4 いそいでフィッシング
25%
vs4 モーターボートラリー
25%
vs4 スケートレース
25%
vs4 トリプルジャンプ
25%
vs4 ラッキー!コインマシーン
25%
vs4 どたばた!コインブロック
25%
vs4 ブルブル!ヘイホーさがし
25%
1vs3 たまのりアタック
25%
1vs3 ころころペッタン
25%
1vs3 マシーンバトル
25%
1vs3 まわしてファイヤー
25%
1vs3 ふっとびタワー
25%
1vs3 おとしてかわして
25%
1vs3 やじるしピョンピョン
25%
1vs3 いただき!コインショー
25%
1vs3 パネルでファイト
25%
1vs3 クネクネレース
25%
2vs2 ボムへいどうかせん
25%
2vs2 かんきりシーソー
25%
2vs2 クルクルどけい
25%
2vs2 ハンドでピョン
25%
2vs2 ピカピカ!クリーナー
25%
2vs2 パニック!ピンボール
25%
2vs2 カプセルキャッチ!
25%
2vs2 たたいてハンマー
25%
2vs2 グラグラ!コインゲット
25%
バトル みつけてカード
25%
バトル グルグルたいほう
25%
バトル つなひきサバイバル
25%
バトル ハンマーファイト
25%
バトル そろってスロット
25%
バトル うんまかせダービー
25%
デュエル ギリギリ!カウントダウン
25%
デュエル とびだせ!バッタン
25%
デュエル うえからブロック!
25%
デュエル えらんでロープ!
25%
デュエル とべとべハイジャンプ!
25%
デュエル たいけつ!クッパばくだん
25%
デュエル くもくもショット!
25%
デュエル ふわふわファイト!
25%
デュエル ピースをうばえ!
25%
デュエル さがせ!かくしブロック
25%
デュエル つむじくんデンジャラス!
25%
デュエル どこまでもスカイ・ハイ!
25%
ドンキー こわしてバナナ
25%
ドンキー のぼってバナナ
25%
ドンキー かわしてバナナ
25%
vs4 ヒップでGO GO GO!
25%
1vs3 UFOでつかまえろ
25%
2vs2 えあわせUFO
25%
デュエル ヒップでスイッチ!
0%
No matching quizzes found
Score Distribution
Percent of People with Each Score
Percentile by Number Answered
Your Score History
You have not taken this quiz